Prénoms les plus donnés à Paris en 2023 - Statistiques

Statistiques générales
  • Ce quiz a été pris 296 fois
  • Le résultat moyen est 5 sur 20
Statistiques - réponses
Rang Prénoms Filles % Correct
4e Louis
66%
8e Emma
57%
1er Louise
48%
1er Gabriel
44%
8e Mohammed
38%
4e Anna
36%
3e Raphaël
32%
6e Jeanne
31%
7e Arthur
25%
5e Noah
24%
3e Alice
22%
2e Adam
19%
2e Alma
16%
9e Gaspard
13%
9e Adèle
9%
7e Gabrielle
9%
10e Iris
9%
6e Isaac
9%
10e Joseph
8%
5e Olivia
8%
Aucun quiz correspondant
Distribution des résultats
% des personnes avec chaque résultat
Percentile par nombre de réponses
Votre historique - résultats
Vous n’avez pas pris ce quiz